[Event "Niederoesterreich Landesliga 1112"]
[Site "Austria"]
[Date "2011.10.26"]
[Round "3"]
[White "Rudolf, Herbert"]
[Black "Brandstaetter, Friedrich"]
[Result "1-0"]
[WhiteElo "2070"]
[BlackElo "2048"]
[PlyCount "87"]
[EventDate "2011.09.18"]
[EventType "team-tourn"]
[EventRounds "11"]
[EventCountry "AUT"]
[SourceTitle "EXT 2022"]
[Source "ChessBase"]
[SourceDate "2021.10.06"]
[SourceVersion "1"]
[SourceVersionDate "2021.10.06"]
[SourceQuality "1"]

1. d4 Nf6 2. Nc3 d5 3. Bg5 e6 4. e4 dxe4 5. Nxe4 Be7 6. Bxf6 Bxf6 7. Nf3 Nd7 8. Qd3 0-0 9. 0-0-0 b6 10. h4 Bb7 11. Neg5 g6 12. Qe3 Bxf3 13. Nxf3 Qe7 14. Bb5 Rfd8 15. Bc6 Rac8 16. g4 Qd6 17. Bb7 Rb8 18. Be4 Bg7 19. g5 a5 20. h5 b5 21. hxg6 hxg6 22. Nh2 b4 23. Ng4 a4 24. Nh6+ Bxh6 25. Rxh6 Nf8 26. Kb1 Qe5 27. f4 Qg7 28. Rh2 Rd6 29. Rhd2 Rbd8 30. c4 Qh8 31. c5 Ra6 32. a3 b3 33. d5 exd5 34. Bxd5 Rd7 35. Qe8 Qg7 36. Bc4 Rxd2 37. Rxd2 Ra5 38. Rd7 Rxc5 39. Rxf7 Rxc4 40. Rxg7+ Kxg7 41. Qe5+ Kh7 42. f5 Rg4 43. Kc1 c6 44. f6 1-0

[Event "Niederoesterreich Landesliga 1011"]
[Site "Austria"]
[Date "2010.12.12"]
[Round "7"]
[White "Nemeth, Denes"]
[Black "Brandstaetter, Friedrich"]
[Result "1-0"]
[WhiteElo "2021"]
[BlackElo "2047"]
[PlyCount "91"]
[EventDate "2010.09.12"]
[EventType "team-tourn"]
[EventRounds "13"]
[EventCountry "AUT"]
[SourceTitle "EXT 2022"]
[Source "ChessBase"]
[SourceDate "2021.10.06"]
[SourceVersion "1"]
[SourceVersionDate "2021.10.06"]
[SourceQuality "1"]

1. d4 Nf6 2. c4 e6 3. g3 c5 4. d5 exd5 5. cxd5 d6 6. Nc3 g6 7. Bg2 Bg7 8. Nf3 0-0 9. 0-0 a6 10. a4 Nbd7 11. Nd2 Qe7 12. Nc4 Ne5 13. Na3 Nh5 14. h3 f5 15. e3 Bd7 16. a5 Rab8 17. Kh2 Nf6 18. f4 Nf7 19. Re1 Ne4 20. Nxe4 fxe4 21. Qc2 Rbe8 22. Qc4 h5 23. Rb1 Nh6 24. b4 Rc8 25. bxc5 Rxc5 26. Qxe4 Qd8 27. Rxb7 Qc8 28. Ra7 Nf5 29. Bd2 Re8 30. Qb4 g5 31. e4 Nd4 32. e5 Nb5 33. Nxb5 Bxb5 34. Be3 gxf4 35. gxf4 Rc2 36. Qxd6 Qf5 37. Rc1 Rec8 38. Rxc2 Rxc2 39. Kh1 Rxg2 40. Kxg2 Qe4+ 41. Kf2 Qd3 42. Qc5 Qe2+ 43. Kg3 Bd3 44. Bf2 Bf5 45. Rxg7+ Kxg7 46. Qe7+ 1-0

[Event "Niederoesterreich Landesliga 0506"]
[Site "Austria"]
[Date "2005.09.18"]
[Round "1"]
[White "Brandstaetter, Friedrich"]
[Black "Koller, Hubert"]
[Result "0-1"]
[WhiteElo "2108"]
[BlackElo "2078"]
[PlyCount "154"]
[EventDate "2005.09.18"]
[EventType "team-tourn"]
[EventRounds "13"]
[EventCountry "AUT"]
[SourceTitle "EXT 2022"]
[Source "ChessBase"]
[SourceDate "2021.10.06"]
[SourceVersion "1"]
[SourceVersionDate "2021.10.06"]
[SourceQuality "1"]

1. e4 c5 2. Nf3 Nc6 3. d4 cxd4 4. Nxd4 Nf6 5. Nc3 e5 6. Ndb5 d6 7. a4 a6 8. Na3 Be6 9. Bg5 Rc8 10. Bc4 Be7 11. Bxf6 Bxf6 12. 0-0 0-0 13. Nd5 Bg5 14. c3 Kh8 15. Ba2 Ne7 16. Qd3 Bxd5 17. Bxd5 Nxd5 18. Qxd5 Qc7 19. Rfd1 Be7 20. Qd3 g6 21. Nc2 f5 22. Ne3 fxe4 23. Qxe4 Rf4 24. Qd3 Qc5 25. Qd5 Qc6 26. a5 Kg7 27. Rd2 h5 28. g3 Rf6 29. h4 Bf8 30. Nc2 Rc7 31. Nb4 Qd7 32. Qe4 Rc5 33. Nd5 Rf7 34. b4 Rc6 35. c4 Qf5 36. Re2 Qxe4 37. Rxe4 Rf3 38. Ne3 Be7 39. Kg2 Rf7 40. Nd5 Bd8 41. Ra2 Bc7 42. Rae2 Bb8 43. f4 Ba7 44. fxe5 dxe5 45. Rxe5 Rxc4 46. Re7 Rd4 47. Rxf7+ Kxf7 48. Re7+ Kf8 49. Rxb7 Rd2+ 50. Kf3 Bg1 51. Nf4 Rd6 52. b5 axb5 53. Rxb5 Kf7 54. Rd5 Ra6 55. Nd3 Rf6+ 56. Ke4 Re6+ 57. Re5 Rc6 58. Rb5 Re6+ 59. Kd5 Re3 60. Rb3 Kf6 61. a6 Rxg3 62. Ra3 Ba7 63. Kc6 Re3 64. Kb7 Re7+ 65. Ka8 Bd4 66. a7 Rxa7+ 67. Rxa7 Bxa7 68. Kxa7 Kf5 69. Kb7 Kg4 70. Ne5+ Kf5 71. Nf3 Kf4 72. Nh2 Kg3 73. Nf1+ Kxh4 74. Kc6 Kg4 75. Kd5 Kf3 76. Ke6 Kf2 77. Nh2 Kg2 0-1

[Event "Niederoesterreich Landesliga 0405"]
[Site "Austria"]
[Date "2005.04.03"]
[Round "10"]
[White "Wadsack, Wolfgang"]
[Black "Brandstaetter, Friedrich"]
[Result "1-0"]
[WhiteElo "2178"]
[BlackElo "2116"]
[PlyCount "45"]
[EventDate "2004.09.19"]
[EventType "team-tourn"]
[EventRounds "11"]
[EventCountry "AUT"]
[SourceTitle "EXT 2022"]
[Source "ChessBase"]
[SourceDate "2021.10.06"]
[SourceVersion "1"]
[SourceVersionDate "2021.10.06"]
[SourceQuality "1"]

1. e4 c5 2. c3 d5 3. exd5 Qxd5 4. d4 e6 5. Nf3 Nf6 6. Bd3 Nc6 7. 0-0 Be7 8. Be3 cxd4 9. cxd4 0-0 10. Nc3 Qd6 11. a3 a6 12. Rc1 b5 13. Ne4 Nxe4 14. Bxe4 Bb7 15. Ne5 Nd8 16. Bxb7 Nxb7 17. Qf3 Na5 18. Bd2 Qxd4 19. Bc3 Qd6 20. Rfd1 Qb8 21. Nd7 Qc7 22. Nxf8 Rxf8 23. Bxg7 1-0

[Event "Niederoesterreich Landesliga 0405"]
[Site "Austria"]
[Date "2004.10.03"]
[Round "2"]
[White "Brandstaetter, Friedrich"]
[Black "Roehrl, Karl"]
[Result "1/2-1/2"]
[WhiteElo "2116"]
[BlackElo "2225"]
[PlyCount "86"]
[EventDate "2004.09.19"]
[EventType "team-tourn"]
[EventRounds "11"]
[EventCountry "AUT"]
[SourceTitle "EXT 2022"]
[Source "ChessBase"]
[SourceDate "2021.10.06"]
[SourceVersion "1"]
[SourceVersionDate "2021.10.06"]
[SourceQuality "1"]

1. e4 d6 2. d4 Nf6 3. Nc3 c6 4. f4 Qa5 5. Bd3 e5 6. Nf3 Bg4 7. Be3 Nbd7 8. 0-0 Be7 9. h3 Bxf3 10. Qxf3 0-0 11. Ne2 exd4 12. Nxd4 g6 13. Kh1 Rfe8 14. Nb3 Qc7 15. c4 c5 16. Nd2 Bf8 17. Rae1 Bg7 18. Nb1 a6 19. Nc3 Qc6 20. Bd2 Rab8 21. a4 Rbd8 22. Bc2 b6 23. Bc1 Nf8 24. Qf2 N8d7 25. Qh4 h6 26. Re2 Qc7 27. Ref2 Nf8 28. e5 dxe5 29. fxe5 g5 30. exf6 gxh4 31. fxg7 Kxg7 32. Nd5 Rxd5 33. cxd5 Qd7 34. Bd2 Qxd5 35. Bc3+ Kg8 36. Rf4 Re7 37. Rg4+ Ng6 38. Bxg6 fxg6 39. Rxg6+ Kh7 40. Rxb6 Rf7 41. Rxf7+ Qxf7 42. Rf6 Qd7 43. a5 Qd3 1/2-1/2

[Event "Niederoesterreich Landesliga 0304"]
[Site "Austria"]
[Date "2003.12.14"]
[Round "6"]
[White "Brandstaetter, Friedrich"]
[Black "Weissenbeck, Manuel"]
[Result "0-1"]
[WhiteElo "2184"]
[BlackElo "2240"]
[PlyCount "79"]
[EventDate "2003.09.21"]
[EventType "team-tourn"]
[EventRounds "11"]
[EventCountry "AUT"]
[SourceTitle "EXT 2022"]
[Source "ChessBase"]
[SourceDate "2021.10.06"]
[SourceVersion "1"]
[SourceVersionDate "2021.10.06"]
[SourceQuality "1"]

1. e4 c5 2. Nf3 e6 3. d4 cxd4 4. Nxd4 Nf6 5. Nc3 d6 6. g3 Be7 7. Bg2 0-0 8. 0-0 a6 9. Re1 Qc7 10. Qe2 Bd7 11. a4 Nc6 12. Nb3 Ne5 13. a5 Nc4 14. f4 e5 15. Kh1 Rfe8 16. Bf3 Rac8 17. Qg2 b5 18. Rd1 g6 19. Qe2 exf4 20. gxf4 Bf8 21. Qg2 Bg4 22. Rg1 Bg7 23. h3 Bxf3 24. Qxf3 Qc6 25. Nd4 Qd7 26. Nde2 Nxe4 27. f5 Nxc3 28. Nxc3 Ne5 29. Qg2 Qxf5 30. Bg5 Qf3 31. Raf1 Qxg2+ 32. Rxg2 Nc4 33. Nd5 Re6 34. b3 Nxa5 35. Ne7+ Rxe7 36. Bxe7 Be5 37. Rd1 Re8 38. Bg5 Nc6 39. Bc1 Nd4 40. Ba3 0-1

[Event "Donau op 11th"]
[Site "Aschach"]
[Date "2002.12.27"]
[Round "2"]
[White "Mahdy, Khaled"]
[Black "Brandstaetter, Friedrich"]
[Result "1-0"]
[WhiteElo "2374"]
[BlackElo "2183"]
[PlyCount "69"]
[EventDate "2002.12.26"]
[EventType "swiss"]
[EventRounds "7"]
[EventCountry "AUT"]
[SourceTitle "CBM 091 Extra"]
[Source "ChessBase"]
[SourceDate "2003.01.09"]
[SourceVersion "1"]
[SourceVersionDate "2003.01.09"]
[SourceQuality "1"]

1. e4 c5 2. Nf3 Nc6 3. Bb5 e6 4. Bxc6 bxc6 5. d3 d5 6. 0-0 Nf6 7. Nc3 Be7 8. Re1 0-0 9. Bf4 Ne8 10. Na4 f6 11. e5 f5 12. c4 Nc7 13. Qd2 Na6 14. Bg5 Rb8 15. b3 Rb7 16. Bxe7 Rxe7 17. cxd5 cxd5 18. Rac1 Rc7 19. Qa5 Qe7 20. d4 c4 21. bxc4 Rxc4 22. Nb2 Rxc1 23. Rxc1 Qb7 24. Nd3 Bd7 25. h4 Rc8 26. Kh2 h6 27. Rxc8+ Qxc8 28. Nf4 Kf7 29. h5 Qb7 30. Ng6 Be8 31. Qd8 Qc7 32. Qd6 Qxd6 33. exd6 Nb8 34. Nfe5+ Kf6 35. Nf8 1-0

[Event "AUT-chT2M 0102"]
[Site "Austria"]
[Date "2002.01.13"]
[Round "7.2"]
[White "Brandstaetter, Friedrich"]
[Black "Jusic, Zdenko"]
[Result "1-0"]
[WhiteElo "2229"]
[BlackElo "2426"]
[PlyCount "85"]
[EventDate "2001.11.02"]
[EventType "team"]
[EventRounds "11"]
[EventCountry "AUT"]
[SourceTitle "EXT 2003"]
[Source "ChessBase"]
[SourceDate "2002.11.25"]
[SourceVersion "1"]
[SourceVersionDate "2002.11.25"]
[SourceQuality "1"]

1. e4 d6 2. d4 g6 3. Nc3 Bg7 4. f4 a6 5. Nf3 b5 6. Bd3 Nd7 7. Ne2 e5 8. c3 Ngf6 9. 0-0 Nh5 10. a4 Rb8 11. axb5 axb5 12. Be3 0-0 13. fxe5 dxe5 14. Bc2 Qe7 15. Ra7 Bb7 16. Qb1 h6 17. Kh1 c6 18. b4 Rfe8 19. Nd2 f5 20. dxe5 Nxe5 21. Bd4 Ng4 22. Qe1 Bxd4 23. Nxd4 c5 24. N4f3 cxb4 25. cxb4 f4 26. Bb3+ Kh7 27. Qa1 Ne3 28. Rc1 Qxb4 29. Rc7+ Re7 30. Qe5 Rxc7 31. Qxc7+ Ng7 32. Qxb8 Nc4 33. Qxb7 Qc3 34. Qxg7+ Qxg7 35. Rxg7+ Kxg7 36. Nxc4 bxc4 37. Bxc4 Kf6 38. Kg1 g5 39. e5+ Kf5 40. Bd3+ Ke6 41. Bc4+ Kf5 42. e6 Kf6 43. Ne5 1-0

[Event "AUT-chT2M 0102"]
[Site "Austria"]
[Date "2001.11.02"]
[Round "1.3"]
[White "Brandstaetter, Friedrich"]
[Black "Menacher, Manfred"]
[Result "1/2-1/2"]
[WhiteElo "2229"]
[BlackElo "2351"]
[PlyCount "59"]
[EventDate "2001.11.02"]
[EventType "team"]
[EventRounds "11"]
[EventCountry "AUT"]
[SourceTitle "EXT 2003"]
[Source "ChessBase"]
[SourceDate "2002.11.25"]
[SourceVersion "1"]
[SourceVersionDate "2002.11.25"]
[SourceQuality "1"]
[WhiteTeam "Grieskirchen"]
[BlackTeam "Hoersching"]
[WhiteTeamCountry "AUT"]
[BlackTeamCountry "AUT"]

1. e4 c5 2. Nf3 Nc6 3. d4 cxd4 4. Nxd4 Nf6 5. Nc3 e5 6. Ndb5 d6 7. a4 a6 8. Na3 Be6 9. Bg5 h6 10. Bxf6 Qxf6 11. Bc4 Rc8 12. 0-0 Be7 13. Nd5 Qg6 14. Qd3 0-0 15. c3 Bg5 16. Nc2 Kh8 17. Nce3 Qh5 18. Nb6 Rcd8 19. Bd5 Bxe3 20. Qxe3 Qh4 21. Rfd1 Qe7 22. a5 Qc7 23. Ra4 Qe7 24. h3 Rfe8 25. Rda1 Kg8 26. Kh2 Na7 27. Rb4 Nc6 28. Rba4 Na7 29. Rb4 Nc6 30. Rba4 1/2-1/2

[Event "AUT-chT2M 0001"]
[Site "Austria"]
[Date "2001.??.??"]
[Round "9"]
[White "Brandstaetter, Friedrich"]
[Black "Bensch, Patrick"]
[Result "0-1"]
[WhiteElo "2175"]
[BlackElo "2255"]
[PlyCount "122"]
[EventDate "2000.??.??"]
[EventType "team"]
[EventRounds "9"]
[EventCountry "AUT"]
[SourceTitle "EXT 2003"]
[Source "ChessBase"]
[SourceDate "2002.11.25"]
[SourceVersion "1"]
[SourceVersionDate "2002.11.25"]
[SourceQuality "1"]

1. e4 c5 2. Nf3 Nc6 3. d4 cxd4 4. Nxd4 Nf6 5. Nc3 e5 6. Ndb5 d6 7. Bg5 a6 8. Na3 b5 9. Nd5 Be7 10. Bxf6 Bxf6 11. c3 Ne7 12. Nxe7 Bxe7 13. Be2 0-0 14. Nc2 Bb7 15. Bf3 Bg5 16. 0-0 a5 17. Qd3 Qb6 18. Ne3 Bxe3 19. Qxe3 Qc5 20. Rfd1 Rfd8 21. Rd2 Kf8 22. Rad1 Qxe3 23. fxe3 Ke7 24. Kf2 Rac8 25. Ra1 Bc6 26. Rc1 Bb7 27. Ra1 b4 28. cxb4 axb4 29. a4 Rc5 30. Rad1 Bc6 31. b3 Rc3 32. Rd3 Rxd3 33. Rxd3 f5 34. exf5 e4 35. Rd4 exf3 36. gxf3 Rf8 37. e4 Rb8 38. Ke3 Be8 39. f4 Bf7 40. Rd3 Rc8 41. Kd2 Rc5 42. Rd4 Rc3 43. Rxb4 Rxb3 44. Rxb3 Bxb3 45. a5 Bc4 46. Kc3 Ba6 47. Kd4 Bc8 48. Kc4 Kf6 49. Kd5 Bb7+ 50. Kd4 Ba8 51. a6 Bc6 52. a7 Ba8 53. Ke3 d5 54. e5+ Kxf5 55. Kd4 Ke6 56. h4 g6 57. Kc5 h6 58. Kd4 Kf5 59. Kc5 Ke6 60. Kd4 Bb7 61. Kc5 g5 0-1

[Event "AUT-chT2M 9900"]
[Site "Austria"]
[Date "2000.03.18"]
[Round "10.3"]
[White "Brandstaetter, Friedrich"]
[Black "Lickleder, Andreas"]
[Result "1/2-1/2"]
[WhiteElo "2181"]
[BlackElo "2216"]
[PlyCount "73"]
[EventDate "1999.??.??"]
[EventType "team"]
[EventRounds "11"]
[EventCountry "AUT"]
[SourceTitle "EXT 2004"]
[Source "ChessBase"]
[SourceDate "2003.11.25"]
[SourceVersion "1"]
[SourceVersionDate "2003.11.25"]
[SourceQuality "1"]

1. e4 c5 2. Nf3 d6 3. d4 cxd4 4. Nxd4 Nf6 5. Nc3 a6 6. g3 e5 7. Nde2 Be7 8. Bg2 Nbd7 9. a4 b6 10. h3 h5 11. 0-0 Bb7 12. Be3 Rc8 13. Nd5 Nxd5 14. exd5 Qc7 15. c3 h4 16. g4 Nf6 17. f4 e4 18. Bd4 Nxd5 19. Bxg7 Ne3 20. Qc1 Nxg2 21. Bxh8 e3 22. Nd4 Kd7 23. Bg7 Rg8 24. Bh6 Rg6 25. g5 Qc5 26. Qc2 Re6 27. Nxe6 fxe6 28. Kh2 Nxf4 29. Rxf4 Qe5 30. g6 Bf8 31. Kg1 Bxh6 32. Rf7+ Kc8 33. Rxb7 e2 34. Kf2 Qe3+ 35. Ke1 Kxb7 36. Qxe2 Qg1+ 37. Qf1 1/2-1/2

[Event "AUT-chT2M 9900"]
[Site "Austria"]
[Date "2000.02.12"]
[Round "8.3"]
[White "Heimberger, Reinhard"]
[Black "Brandstaetter, Friedrich"]
[Result "1-0"]
[WhiteElo "2245"]
[BlackElo "2181"]
[PlyCount "97"]
[EventDate "1999.??.??"]
[EventType "team"]
[EventRounds "11"]
[EventCountry "AUT"]
[SourceTitle "EXT 2004"]
[Source "ChessBase"]
[SourceDate "2003.11.25"]
[SourceVersion "1"]
[SourceVersionDate "2003.11.25"]
[SourceQuality "1"]

1. c4 e5 2. g3 Nf6 3. Bg2 Nc6 4. Nc3 Bb4 5. e3 Bxc3 6. bxc3 0-0 7. d4 d6 8. Nf3 e4 9. Nd2 Qe7 10. 0-0 Re8 11. Ba3 b6 12. Re1 Na5 13. Bb4 Nc6 14. Qc2 Bf5 15. a4 Nxb4 16. cxb4 c5 17. Qc3 Rec8 18. a5 cxb4 19. Qxb4 Qc7 20. Reb1 Rab8 21. Bf1 g6 22. axb6 Rxb6 23. Rxa7 Rxb4 24. Rxc7 Rxb1 25. Rxc8+ Bxc8 26. Nxb1 Kf8 27. Nc3 Ke7 28. Bg2 Bf5 29. g4 Bxg4 30. Nxe4 Nd7 31. Kf1 Bf5 32. Ke2 h5 33. Nc3 Nb6 34. Nd5+ Nxd5 35. Bxd5 f6 36. Kd2 g5 37. Kc3 Kd7 38. Kb4 Kc7 39. c5 h4 40. Bf3 Bh3 41. Kc4 Kd7 42. c6+ Kc7 43. Kd5 Bc8 44. e4 Bh3 45. e5 dxe5 46. dxe5 fxe5 47. Kxe5 Bc8 48. Be4 Bh3 49. Kf6 1-0

[Event "AUT-chT2M 9900"]
[Site "Austria"]
[Date "2000.01.16"]
[Round "6.3"]
[White "Rolletschek, Heinrich"]
[Black "Brandstaetter, Friedrich"]
[Result "1-0"]
[WhiteElo "2267"]
[BlackElo "2181"]
[PlyCount "83"]
[EventDate "1999.??.??"]
[EventType "team"]
[EventRounds "11"]
[EventCountry "AUT"]
[SourceTitle "EXT 2004"]
[Source "ChessBase"]
[SourceDate "2003.11.25"]
[SourceVersion "1"]
[SourceVersionDate "2003.11.25"]
[SourceQuality "1"]

1. e4 c5 2. Nf3 Nc6 3. d3 g6 4. g3 Bg7 5. Bg2 e5 6. 0-0 Nge7 7. c3 0-0 8. Na3 d6 9. Be3 h6 10. Qd2 Kh7 11. Ne1 Be6 12. f4 exf4 13. gxf4 f5 14. Nf3 Qd7 15. Nc2 b6 16. Bf2 Rf7 17. Nh4 Raf8 18. Bg3 fxe4 19. dxe4 d5 20. exd5 Bxd5 21. Rad1 Rd8 22. Ne3 Bxg2 23. Qxd7 Rxd7 24. Rxd7 Bxf1 25. Nxf1 Rf8 26. Kg2 Rd8 27. Rxd8 Nxd8 28. Kf3 Nf7 29. Ne3 Nd6 30. f5 Ndxf5 31. Nhxf5 Nxf5 32. Bb8 Nxe3 33. Kxe3 b5 34. Bxa7 c4 35. Ke4 g5 36. Kf5 Bf8 37. Bd4 Bd6 38. h3 Bf4 39. b3 Kg8 40. bxc4 bxc4 41. a4 Bc7 42. Kg6 1-0

[Event "AUT-ch"]
[Site "Frohnleiten"]
[Date "2000.??.??"]
[Round "9.25"]
[White "Brandstaetter, Friedrich"]
[Black "Bachler, Reinhard"]
[Result "0-1"]
[WhiteElo "2177"]
[BlackElo "2245"]
[PlyCount "102"]
[EventDate "2000.08.05"]
[EventType "swiss"]
[EventRounds "9"]
[EventCountry "AUT"]
[SourceTitle "CBM 077 Extra"]
[Source "ChessBase"]
[SourceDate "2000.09.14"]
[SourceVersion "1"]
[SourceVersionDate "2000.09.14"]
[SourceQuality "1"]

1. e4 c5 2. Nf3 d6 3. d4 cxd4 4. Nxd4 Nf6 5. Nc3 a6 6. g3 g6 7. Bg2 Bg7 8. 0-0 h5 9. h3 Bd7 10. a4 Qc8 11. Kh2 Nc6 12. Be3 Ne5 13. Nd5 Nxd5 14. exd5 Nc4 15. Bc1 Qc5 16. c3 0-0 17. Re1 Bf6 18. f4 b5 19. b4 Qc7 20. a5 Rac8 21. Ra2 Kg7 22. Rae2 Rce8 23. Qd3 Qc8 24. Rf2 e5 25. dxe6 fxe6 26. Ref1 e5 27. fxe5 dxe5 28. Bh6+ Kxh6 29. Rxf6 Rxf6 30. Rxf6 Rg8 31. Nc6 Bf5 32. Be4 Bxe4 33. Qxe4 Qe8 34. h4 Rg7 35. Nd4 Qd8 36. Nf5+ Kh7 37. Re6 gxf5 38. Qxf5+ Kg8 39. Qxh5 Qd2+ 40. Kh3 Qd7 41. Qe8+ Qxe8 42. Rxe8+ Kf7 43. Ra8 Rg6 44. Ra7+ Ke6 45. Rxa6+ Nd6 46. Rb6 e4 47. a6 Rg7 48. h5 e3 49. Kg2 Rf7 50. g4 e2 51. a7 e1Q 0-1

[Event "AUT-chT2M 0001"]
[Site "Austria"]
[Date "2000.??.??"]
[Round "2"]
[White "Brandstaetter, Friedrich"]
[Black "Konrad, Edmund"]
[Result "1/2-1/2"]
[WhiteElo "2175"]
[BlackElo "2215"]
[PlyCount "99"]
[EventDate "2000.??.??"]
[EventType "team"]
[EventRounds "9"]
[EventCountry "AUT"]
[SourceTitle "EXT 2003"]
[Source "ChessBase"]
[SourceDate "2002.11.25"]
[SourceVersion "1"]
[SourceVersionDate "2002.11.25"]
[SourceQuality "1"]

1. e4 e6 2. d4 d5 3. Nc3 Bb4 4. e5 c5 5. a3 Bxc3+ 6. bxc3 Ne7 7. Nf3 Nbc6 8. a4 Qa5 9. Bb5 cxd4 10. Qxd4 Bd7 11. Qd3 Ng6 12. Bxc6 bxc6 13. 0-0 0-0 14. Re1 f6 15. Ba3 c5 16. Qe3 Rac8 17. Reb1 Qc7 18. Re1 Rf7 19. h3 Nf8 20. Qe2 Bxa4 21. Reb1 Bd7 22. Bc1 Ng6 23. exf6 gxf6 24. Qa6 Ne5 25. Nxe5 Qxe5 26. Rb7 Rb8 27. Bh6 Bc8 28. Rxb8 Qxb8 29. Qa4 Bd7 30. Qxa7 Qxa7 31. Rxa7 Re7 32. Be3 c4 33. Bc5 Rf7 34. f4 Kg7 35. Bd4 Kg6 36. g4 h5 37. Kg2 hxg4 38. hxg4 Re7 39. Bc5 Rh7 40. Bd4 Rf7 41. Kg3 Bc6 42. Ra6 Rc7 43. Ra1 Rb7 44. f5+ exf5 45. gxf5+ Kxf5 46. Rf1+ Ke6 47. Rxf6+ Kd7 48. Kf4 Rb1 49. Rf7+ Ke6 50. Rf6+ 1/2-1/2

[Event "AUT-chT2M 0001"]
[Site "Austria"]
[Date "2000.??.??"]
[Round "1"]
[White "Mayerhofer, Peter"]
[Black "Brandstaetter, Friedrich"]
[Result "1/2-1/2"]
[WhiteElo "2130"]
[BlackElo "2175"]
[PlyCount "122"]
[EventDate "2000.??.??"]
[EventType "team"]
[EventRounds "9"]
[EventCountry "AUT"]
[SourceTitle "EXT 2003"]
[Source "ChessBase"]
[SourceDate "2002.11.25"]
[SourceVersion "1"]
[SourceVersionDate "2002.11.25"]
[SourceQuality "1"]

1. e4 c5 2. d4 cxd4 3. c3 d5 4. exd5 Qxd5 5. cxd4 Nc6 6. Nf3 e6 7. Be2 Nf6 8. 0-0 Be7 9. Nc3 Qd6 10. Bg5 0-0 11. Qd2 b6 12. Bf4 Qd8 13. Rfd1 Bb7 14. Ne5 Nb4 15. Bf3 Bxf3 16. Nxf3 Rc8 17. Rac1 Nbd5 18. Nxd5 Qxd5 19. a3 Ne4 20. Qe2 b5 21. h3 Nd6 22. Ne5 Nf5 23. Qf3 Qxf3 24. Nxf3 Rfd8 25. Rxc8 Rxc8 26. Rc1 Rxc1+ 27. Bxc1 Bf6 28. Be3 Kf8 29. Kf1 Ke7 30. Ke2 Kd6 31. Kd3 Kd5 32. g4 Nh4 33. Nxh4 Bxh4 34. g5 a6 35. b3 f6 36. f4 f5 37. a4 bxa4 38. bxa4 Bg3 39. Bd2 Bf2 40. Bc3 g6 41. Bb2 Be1 42. Bc1 Bb4 43. Be3 Ba3 44. Bd2 Bb2 45. Be3 Ba1 46. Bf2 Bb2 47. Be3 Ba3 48. Bd2 Bf8 49. Be3 h6 50. gxh6 Bxh6 51. Bd2 Bg7 52. Be3 Bf6 53. Bf2 Bd8 54. Be3 Bb6 55. Bf2 Ba5 56. Be3 Be1 57. Bc1 Bf2 58. Bb2 Kc6 59. Bc3 Kd5 60. Bb2 Be1 61. Bc1 Bb4 1/2-1/2

[Event "AUT-ch"]
[Site "Frohnleiten"]
[Date "2000.??.??"]
[Round "5.13"]
[White "Rolletschek, Heinrich"]
[Black "Brandstaetter, Friedrich"]
[Result "1-0"]
[WhiteElo "2291"]
[BlackElo "2089"]
[PlyCount "139"]
[EventDate "2000.08.05"]
[EventType "swiss"]
[EventRounds "9"]
[EventCountry "AUT"]
[SourceTitle "CBM 077 Extra"]
[Source "ChessBase"]
[SourceDate "2000.09.14"]
[SourceVersion "1"]
[SourceVersionDate "2000.09.14"]
[SourceQuality "1"]

1. e4 c5 2. f4 Nc6 3. Nf3 g6 4. Nc3 Bg7 5. g3 d6 6. Bg2 e6 7. 0-0 Nge7 8. d3 0-0 9. Be3 Nd4 10. Rb1 Rb8 11. Ne2 e5 12. c3 Nxe2+ 13. Qxe2 Nc6 14. f5 b5 15. g4 b4 16. Qc2 Ba6 17. c4 b3 18. axb3 Rb6 19. Ra1 Qc7 20. Nd2 Rfb8 21. f6 Bf8 22. g5 Bc8 23. Ra3 Nb4 24. Qc3 Bg4 25. Bf3 Qd7 26. h4 a6 27. Kf2 h5 28. Bxg4 Qxg4 29. Nf3 Qh3 30. Qd2 Qc8 31. Qd1 Qb7 32. Rg1 Qc8 33. Ke2 Qh3 34. Bf2 Qc8 35. Be1 Nc6 36. Bc3 Qh3 37. Qf1 Qc8 38. Nd2 Qd7 39. Rg3 Qb7 40. Kf2 Qc8 41. Qh3 Qe6 42. Re3 Nd4 43. Rg3 Nc2 44. Ra2 Nd4 45. Bxd4 exd4 46. Rf3 Qe8 47. Ke2 Qc6 48. Rf1 Qe8 49. Rfa1 Qc6 50. Ra5 Qb7 51. R1a3 Qc6 52. Kd1 Qb7 53. Ra2 Qc6 54. b4 Rxb4 55. Rxa6 R4b6 56. Rxb6 Qxb6 57. b3 Qd8 58. Ra7 Ra8 59. Qd7 Qxd7 60. Rxd7 Ra1+ 61. Ke2 Rh1 62. Nf3 Rb1 63. Rb7 Rb2+ 64. Nd2 Ra2 65. Rb8 Ra1 66. Nf3 Ra2+ 67. Kf1 Ra1+ 68. Kf2 Ra2+ 69. Kg3 Ra7 70. e5 1-0

[Event "Donau op-A 08th"]
[Site "Aschach"]
[Date "1999.12.29"]
[Round "6"]
[White "Brandstaetter, Friedrich"]
[Black "Wimmer, Juergen"]
[Result "1/2-1/2"]
[WhiteElo "2130"]
[BlackElo "2020"]
[PlyCount "40"]
[EventDate "1999.12.26"]
[EventType "swiss"]
[EventRounds "7"]
[EventCountry "AUT"]
[SourceTitle "CBM 073 Extra"]
[Source "ChessBase"]
[SourceDate "2000.01.11"]
[SourceVersion "1"]
[SourceVersionDate "2000.01.11"]
[SourceQuality "1"]

1. e4 e6 2. d4 d5 3. Nc3 Bb4 4. e5 c5 5. a3 Bxc3+ 6. bxc3 Ne7 7. Nf3 Bd7 8. a4 Nbc6 9. Bb5 Na5 10. Bd3 Rc8 11. 0-0 h6 12. h4 Nc4 13. Re1 Qa5 14. Bxc4 dxc4 15. dxc5 Nd5 16. Nd4 Qxc3 17. Ra3 Qa5 18. Rg3 g6 19. Nb5 Bxb5 20. axb5 Qxb5 1/2-1/2

[Event "Donau op-A 08th"]
[Site "Aschach"]
[Date "1999.12.27"]
[Round "2"]
[White "Brandstaetter, Friedrich"]
[Black "Koeller, Oliver"]
[Result "1/2-1/2"]
[WhiteElo "2130"]
[BlackElo "2293"]
[PlyCount "114"]
[EventDate "1999.12.26"]
[EventType "swiss"]
[EventRounds "7"]
[EventCountry "AUT"]
[SourceTitle "CBM 073 Extra"]
[Source "ChessBase"]
[SourceDate "2000.01.11"]
[SourceVersion "1"]
[SourceVersionDate "2000.01.11"]
[SourceQuality "1"]

1. e4 c5 2. Nf3 d6 3. d4 cxd4 4. Nxd4 Nf6 5. Nc3 g6 6. Be3 Bg7 7. f3 0-0 8. Qd2 Nc6 9. Bc4 Bd7 10. 0-0-0 Ne5 11. Bb3 b5 12. Ndxb5 Qb8 13. Nd4 Rc8 14. Kb1 Nc4 15. Bxc4 Rxc4 16. Ka1 Qb7 17. Rb1 Rac8 18. Nde2 Be6 19. Bd4 Qa6 20. Qd3 Qa5 21. a3 R4c6 22. Rhd1 Bc4 23. Qd2 Ra6 24. Nc1 Rac6 25. Nb3 Qa6 26. Nc1 Be6 27. N1a2 Qb7 28. Qd3 Rc4 29. Be3 Nd7 30. Qd2 Ne5 31. Qf2 Qa6 32. Bd4 Qa5 33. Rd2 R4c7 34. Rdd1 h5 35. h3 Bxa2 36. Kxa2 Rxc3 37. Bxc3 Rxc3 38. bxc3 Qxc3 39. Rb3 Qc7 40. Rdb1 Kh7 41. Qe2 Qc5 42. g4 Nc4 43. f4 Nb6 44. gxh5 Na4 45. hxg6+ fxg6 46. f5 Nc3+ 47. Rxc3 Qxc3 48. fxg6+ Kxg6 49. Qg4+ Kh6 50. Qh4+ Kg6 51. Rg1+ Kf7 52. Qh5+ Kf8 53. Rf1+ Bf6 54. Qh8+ Kf7 55. Qh7+ Kf8 56. Qh8+ Kf7 57. Qh7+ Kf8 1/2-1/2